000 01357nam a22002657a 4500
005 20170124103118.0
010 _aB-149374
020 _c120.00
_a8185827729
035 _aB-149374
037 _bCen Lib/Ret
040 _aDPL
_bHN
082 _a573
_bमिश्रशि
100 _aमिश्र, शिवगोपाल
_981393
245 _aमानव की रोचक बातें /
_cशिवगोपाल मिश्र [और] सुनील दत्त तिवारी
246 _aManav ki rochak baten /
_bby Shivgopal Mishra [aur] Suneel Dutt Tiwari
260 _aनई दिल्ली
_bप्रतिभा प्रतिष्ठान
_c1998
270 _bनई दिल्ली
_a 1685 दखनीराय स्ट्रीट, नेताजी सुभाष मार्ग
_e110002
300 _a152पृ. :
_c21सेमी(सजिल्द)
_bसचित्र
650 _aमनोविज्ञान एवं सामाजिकता
_981394
650 _aमनुष्य -- शारीरिक लक्षण
_981395
650 _aPsychology and socializing
_981396
650 _aMan - Physical Characteristics
_981397
700 _aतिवारी, सुनील दत्त
_97478
942 _2ddc
_cHN
_h573
_mमिश्रशि
999 _c118674
_d118674